| 000 | 02329cam a22004574i 4500 | ||
|---|---|---|---|
| 003 | PE-LiUPU | ||
| 005 | 20250731173231.0 | ||
| 008 | 150625s r 000 0 spa d | ||
| 035 | _a(Sirsi) a34647 | ||
| 040 |
_aPE-LiUPU _bspa _cPE-LiUPU _erda |
||
| 049 | _aPRUA | ||
| 050 | 4 |
_aBT77 _b.P418 1981 |
|
| 082 | 0 | 4 |
_a230 _bP37 _221 |
| 100 | 1 |
_aPendleton, J. M., _eautor. |
|
| 245 | 1 | 0 | _aCompendio de Teologia cristiana. |
| 264 | 1 | _a | |
| 300 | _a | ||
| 336 |
_atext _2rdacontent |
||
| 337 |
_aunmediated _2rdamedia |
||
| 338 |
_avolume _2rdacarrier |
||
| 505 | 0 | _aLa existencia de Dios -- La Biblia es la revelación de Dios -- Los atributos de Dios -- La trinidad -- Divinidad de Cristo -- La personalidad y la deidad del espiritu santo -- los propositos de Dios -- La creación -- Providencia -- Los angeles --El hombre -- El hombre necesita un salvador -- El salvador prometido -- La persona de Cristo -- El oficio de cristo como mediador -- El sacrificio de cristo como mediador -- El sacrificio de Cristo -- La intercesión de cristo -- La regeneración y sus acompanates, el arrepentimiento y la Fe -- La justificación -- La adopción -- La santificación -- Las buenas obras -- La perseverancia de los santos -- La iglesia -- El bautismo -- La cena del señor -- La muerte de los cristianos y el estado intermedio -- La resurección -- El juicio general -- El cielo y el infierno. | |
| 526 | _aSEG42 | ||
| 526 | _aSEG41 | ||
| 526 | _aSEG40 | ||
| 526 | _aSEG39 | ||
| 526 | _aP94 | ||
| 526 | _aP87 | ||
| 526 | _aP86 | ||
| 526 | _aP85 | ||
| 526 | _aP77 | ||
| 526 | _aP76 | ||
| 526 | _aP35 | ||
| 942 |
_2ddc _cBOOK |
||
| 949 |
_a230 P37 _wDEWEY _c1 _i05753 _lCCODEBUL1 _mBUL _p00.00 _r0 _sY _tBOOK _u2015-06-25 _xBIBLIOTECA _zUNKNOWN _0COMPRA _o.STAFF. Colección General |
||
| 949 |
_a230 P37 _wLC _c1 _iCW00200 _lCIW _mBUL _p00.00 _r1 _sY _tBOOK _u2017-02-22 _xWHITE _zUNKNOWN _0COMPRA _o.STAFF. Centro White |
||
| 596 | _a1 4 | ||
| 999 |
_a230 P37 _wDEWEY _c42526 _i05753 _f2021-11-11 _g5 _lCCODEBUL1 _mBUL _r0 _sY _tBOOK _u2015-6-25 _xTEOLOGIA _PP35 _0COMPRA _o.STAFF. Colección Teologíal _d42526 |
||
| 999 |
_a230 P37 _wDEWEY _c1 _iCW00200 _mBWL _p20.00 _r0 _sY _tBOOK _u2017-2-22 _xWHITE _zUNKNOWN _0COMPRA _o.STAFF. Centro White |
||
| 980 |
_81 _gALBERTO SANCHEZ Responsable de Automatización |
||